ბათუმის შოთა რუსთაველის სახელმწიფო უნივერსიტეტის ბიბლიოთეკა

Атлантида. Фантазия или реальность? (ბიბ.ჩანაწერი № 61419)

000 -LEADER
fixed length control field 00730nam a22001817a 4500
005 - DATE AND TIME OF LATEST TRANSACTION
control field 20240311154151.0
008 - FIXED-LENGTH DATA ELEMENTS--GENERAL INFORMATION
fixed length control field 240311s1976 ru ||||| |||| 00| 0 rus d
041 ## - LANGUAGE CODE
Language code of text/sound track or separate title rus
080 ## - UNIVERSAL DECIMAL CLASSIFICATION NUMBER
Universal Decimal Classification number 551.41(309) : 902.6 P-34
100 ## - MAIN ENTRY--PERSONAL NAME
Personal name Резанов, И. A.
9 (RLIN) 21382
245 ## - TITLE STATEMENT
Title Атлантида. Фантазия или реальность?
Statement of responsibility, etc. И. A. Резанов; Академия наук СССР.
264 ## - PRODUCTION, PUBLICATION, DISTRIBUTION, MANUFACTURE, AND COPYRIGHT NOTICE
Place of production, publication, distribution, manufacture Москва :
Name of producer, publisher, distributor, manufacturer Наука,
Date of production, publication, distribution, manufacture, or copyright notice 1976.
300 ## - PHYSICAL DESCRIPTION
Extent 126 с.:
Other physical details ил.;
Dimensions 20 см.
440 ## - SERIES STATEMENT/ADDED ENTRY--TITLE
Title Научно-популярная серия
9 (RLIN) 20761
653 ## - INDEX TERM--UNCONTROLLED
keyword ატლანტიდა. ფანტაზია თუ რეალობა
710 ## - ADDED ENTRY--CORPORATE NAME
Corporate name or jurisdiction name as entry element Академия наук СССР.
9 (RLIN) 21383
942 ## - ADDED ENTRY ELEMENTS (KOHA)
Source of classification or shelving scheme
Koha item type წიგნი
ეგზემპლარები
Withdrawn status Lost status Source of classification or shelving scheme Damaged status Not for loan Permanent Location Current Location Shelving location Date acquired Cost, normal purchase price Full call number Barcode Date last seen Copy number Uniform Resource Identifier Price effective from Koha item type Public note
          ბათუმის შოთა რუსთაველის სახელმწიფო უნივერსიტეტის მთავარი ბიბლიოთეკა ბათუმის შოთა რუსთაველის სახელმწიფო უნივერსიტეტის მთავარი ბიბლიოთეკა წიგნსაცავი 2024-03-11 5.00 551.41(309) : 902.6 P-34 65763 2024-03-11 65763 ბსუ-ს საპატიო დოქტორის გურამ ლორთქიფანიძის საჩუქარი 2024-03-11 წიგნი 5 ლ.